[Event "GBR-ch 106th"]
[Site "Torquay"]
[Date "2019.08.04"]
[Round "9"]
[White "Adams, Michael"]
[Black "Gordon, Stephen J"]
[Result "1-0"]
[WhiteElo "2690"]
[BlackElo "2516"]
[Annotator "Adams,M"]
[PlyCount "59"]
[EventDate "2019.07.27"]
[EventType "swiss"]
[EventRounds "9"]
[EventCountry "ENG"]
[SourceTitle "CBM 191 Extra"]
[Source "ChessBase"]
[SourceDate "2019.09.30"]
[SourceVersion "1"]
[SourceVersionDate "2019.09.30"]
[SourceQuality "1"]

1. e4 c5 2. Nf3 d6 3. Bb5+ Nd7 {Now the most common response this leads to
much more interesting play than 3...Bd7.} 4. Ba4 {The latest fashion, this is
quite a clever idea keeping options of c3 or c4 depending on Black's response.}
Ngf6 5. O-O a6 ({The point is that} 5... Nxe4 $6 6. Re1 Nef6 7. d4 {is very
dangerous, so White doesn't have to defend the pawn immediately.}) 6. c4 e5 (
6... Nxe4 $6 7. Re1 Nef6 8. d4 {is still not easy,} e6 9. d5 $1 e5 10. Nxe5 $1
{shows one of the attacking concepts. Stephen's move fixes the centre, but
White has the clearer plan to begin play on the b-file.}) 7. d3 g6 ({After} 
7... Be7 8. Nh4 $5 {is possible.} g6 ({I think Black's best bet is to jettison
a pawn for active play:} 8... O-O $5 9. Nf5 b5 10. cxb5 Nb6) 9. Nc3 (9. Bh6 $5
Ng8 10. Bg7 Bxh4 11. Bxh8) 9... O-O 10. Bh6 Re8 11. h3 {looks pleasant for
White.}) 8. Nc3 Bg7 9. Rb1 O-O 10. h3 ({I thought it was important to deny the
bishop the g4 square and prepare Bc1-e3, but} 10. b4 cxb4 11. Rxb4 Nc5 12. h3 {
was another way of doing it.}) (10. Be3 $6 Ng4) 10... Ne8 {A natural way to
prepare f7-f5, but it will cost more time when the knight returns to the
action. In fact the knight will now be stuck on the back rank until the last
move of the game.} 11. b4 ({I wasn't that convinced by} 11. Bg5 f6 12. Be3 f5)
(11. Nd5 {is well met by} Nc7) 11... cxb4 12. Rxb4 Nc5 13. Nd5 ({I wanted to
play} 13. Be3 {but thought it impossible due to} Qa5 14. Qb1 Nxd3 {; however,
after} 15. Qxd3 $1 Qxb4 16. Rb1 {Black's queen is snared:} Qa5 (16... Qa3 17.
Rb3) 17. Bb6) 13... b5 $2 ({I was happy with my position after the better
options} 13... Be6 14. Nb6 Rb8 15. Bc2 f5 16. exf5 Bxf5 17. Be3 {with d4 to
follow looks good.}) (13... Nc7 14. Nb6 Rb8 15. Bg5 f6 16. Be3 f5 17. Nxc8 Qxc8
18. exf5 gxf5 19. Rb6 {and Black's position looks a bit loose. However, the
game move is tactically flawed.}) 14. cxb5 Bd7 (14... axb5 15. Bxb5 Rxa2 16.
Bg5 {and Black's undefended rook on a2 is vulnerable.} f6 (16... Qa5 17. Bc4
$18) 17. Bc4 fxg5 18. Bxa2 Kh8 19. Rb8 $5 (19. Ne3 $5)) 15. b6 $1 {A deadly
idea, the passed pawn is not only close to queening but paralyses the knight
on e8.} Nxa4 ({Throwing in} 15... a5 {doesn't change much} 16. Rc4 Nxa4 17.
Rxa4 Bxa4 18. Qxa4 h6 $2 19. Be3 f5 20. b7 Rb8 21. Bb6 $18) 16. Rxa4 Bxa4 17.
Qxa4 f6 (17... h6 18. Be3 f5 19. b7 Rb8 20. Bb6 $1 {leaves the black queen
embarrassed.}) 18. Nd2 (18. Be3 $5 Rf7 19. Nd2 {was also good.}) 18... Rf7 19.
Nc4 Qd7 ({Swapping queens is hardly desirable but} 19... f5 20. Na5 {is no fun
either.}) 20. Qxd7 Rxd7 21. Be3 f5 22. f3 Bf6 ({The natural} 22... Nf6 {
is refuted by direct play:} 23. Rb1 Nxd5 24. exd5 Bf6 (24... e4 25. dxe4 fxe4
26. fxe4 Bc3 27. Rb3 $18) 25. b7 Rb8 26. Na5 Bd8 27. Ba7 $18 {however, if this
line doesn't work it's clear Black's cause is hopeless.}) 23. Rb1 Bd8 24. Na5
Rb8 ({Or} 24... Kf7 25. b7 Rb8 26. Ba7 $18) 25. Nc6 Rbb7 (25... Rc8 26. b7 Rxb7
27. Rxb7 Rxc6 28. Rb8 $18 {picks up a piece.}) 26. Na5 Rb8 27. Nc6 Rbb7 28. a4
Kf7 (28... Nf6 29. Nxd8 Nxd5 30. Nxb7 Nxe3 31. Na5 $18) 29. a5 Nf6 30. Ndb4 $1
{Black is helpless with the a6 pawn disappearing and resigned here, meaning
that I was British Champion!} ({Stronger than} 30. Nxd8+ Rxd8 31. Bg5 Nxd5 32.
Bxd8 Nf4 {which gives a few practical hopes}) (30. Ndb4 $1 Ke6 (30... d5 31.
Nxe5+) 31. Nxa6 {and White plans Nab8.}) 1-0

[Event "WchT 11th"]
[Site "Khanty-Mansiysk"]
[Date "2017.06.19"]
[Round "3.2"]
[White "Kovalev, Vladislav"]
[Black "Adhiban, Baskaran"]
[Result "0-1"]
[WhiteElo "2641"]
[BlackElo "2670"]
[Annotator "Adhiban,B"]
[PlyCount "60"]
[EventDate "2017.06.17"]
[EventType "team-tourn"]
[EventRounds "9"]
[EventCountry "RUS"]
[SourceTitle "CBM 179"]
[Source "ChessBase"]
[SourceDate "2017.07.12"]
[SourceVersion "1"]
[SourceVersionDate "2017.07.12"]
[SourceQuality "1"]
[WhiteTeam "Belarus"]
[BlackTeam "India"]
[WhiteTeamCountry "BLR"]
[BlackTeamCountry "IND"]

{So I was on 0/2; I have been in this situation before (Qatar Masters) and
have also seen even worse (Baku Open) 0.5/3. As always I decided to cut my
losses, learn from my mistakes in the games and decided to awaken the beast!} 
1. e4 c5 2. Nf3 d6 3. Bb5+ Nd7 4. O-O Ngf6 5. Re1 a6 6. Bf1 b6 7. d4 cxd4 8.
Nxd4 Bb7 9. f3 e6 10. c4 Be7 11. Nc3 O-O 12. Be3 Rc8 13. Rc1 Qc7 14. Qd2 Qb8 {
Both of us have made natural moves so far.} 15. b4 {Kovalev decided that it
was time to go for the queenside expansion.} Bd8 (15... d5 16. cxd5 Bxb4 17.
dxe6 {didn't seem to achieve anything other than losing a pawn.}) ({It is
always useful to include} 15... Rfe8 {But I saw a line where I could use the
rook on the f-file.}) 16. Kh1 Bc7 17. Na4 (17. Bg1 $5 {Now I have nothing
better than} Rfe8 ({The following line is not all forced and I am just trying
to show where the rook might be useful on the f-file.} 17... d5 18. cxd5 Bf4
19. Be3 Bxh2 20. dxe6 fxe6 21. Nxe6 Nh5 (21... Rfe8 22. Bf4 $1) 22. g4 (22.
Qxd7 $1 Rf7 23. Qd3 Ng3+ 24. Kxh2 Nxf1+ 25. Kg1 {White is just winning.}) 22...
Ng3+ 23. Kg2 Rxc3 (23... Nxf1 24. Rxf1 Qg3+) 24. Rxc3 Nxe4 25. fxe4 Qg3+ 26.
Kh1 Rxf1+ {This was the reason why I didn't want to play ...Rfe8 and wanted to
maintain the rook on the f-file.} 27. Rxf1 Bxe4+)) 17... Ba8 $5 (17... d5 {
is too hasty due to} 18. exd5 exd5 19. c5 $16) 18. Rc2 {This is just asking
for it!} ({A better try was} 18. Bg1 Rfe8 $5 {continuing the cat and mouse
game.} (18... d5 19. cxd5 exd5 20. Bxa6 Rce8 {I do have compensation but
wasn't sure if it was enough.})) 18... d5 $5 {If I wait for one more move, the
break will lack firepower!} (18... Rfe8 {is objectively stronger.}) 19. cxd5
exd5 20. Bxa6 $6 (20. Nf5 $1 {was more critical and the reason why I was bit
hesitant about playing d5.} Rfe8 (20... Rce8 21. Bh6 $3 {Suddenly the hunter
becomes the hunted! This is possible since the black rook is taking away the
key square on e8.}) 21. Bxa6 (21. exd5 Nxd5 (21... Bxh2 22. Rxc8) 22. Bd4 Rxe1
23. Qxe1 Re8 {followed by ...Be5 and completely neutralising White's
initiative and also White needs to keep an eye on b4.}) (21. Bh6 g6) 21... Rcd8
$5 (21... dxe4 22. Bxc8 exf3 23. Rxc7 $1 {is the easiest, killing Black's
counterplay.}) 22. exd5 ({SF} 22. Rec1 Bxh2 23. Rc8 $5 {A funny idea.} Rxc8 24.
Rxc8 Rxc8 25. Bxc8 $16) 22... Nxd5 {I felt Black has strong compensation for
just one pawn!} (22... Bxh2 {is bad due to} 23. d6)) 20... Rce8 {Full steam
ahead!} 21. Bb5 (21. Nf5 dxe4 22. f4 (22. Bh6 exf3) (22. Rec1 exf3) 22... Nd5
$15) 21... dxe4 22. f4 $5 {An interesting concept, by giving back the pawn.
White has closed the long diagonal... But I was happy with the results of the
pawn break :).} Rd8 23. Bc6 Ng4 $1 24. g3 $6 {Too weak and too slow!} ({
White had to go in for} 24. Bxa8 Nxe3 (24... Ndf6 $5 25. Bc6 Nxe3 26. Qxe3 Bxf4
27. Qg1 $1) 25. Qxe3 Bxf4 26. Nc6 $1 {(Sasi)} (26. Qxe4 Rfe8 {[%cal Re8e1]}) (
26. Qf2 Qxa8 27. Qxf4 Qxa4 {[%csl Rc2,Rd4] White is not able to get back his
pawn.} 28. Qxe4 Nf6 29. Qc6 Qxb4 $17) 26... Qxa8 (26... Bxe3 27. Nxb8 Nf6 $44)
27. Qxf4 Qxa4 28. Qxe4 Nf6 29. Qc4 {should lead to a draw.}) 24... Ndf6 {
Now I take over.} 25. Bxa8 Qxa8 26. Rxc7 Qxa4 (26... Nd5 27. Nxb6 $1 {is not
needed to allow, though} Nxb6 {might surprisingly still be better for Black.})
27. Rcc1 Nxe3 28. Rxe3 (28. Qxe3 Ng4 $5 29. Qe2 Rxd4 30. Qxg4 Qxa2 {with a
winning endgame.}) 28... Ng4 29. Re2 (29. Rxe4 Qa8 $1 {No escape!}) (29. Ree1
e3 $19) 29... Qa3 $1 {An absolute killer! White has no way to save his
position.} (29... e3 30. Qc2 $1 Qxc2 31. Nxc2 Rd2 32. Rce1 Nf2+ 33. Kg1 $1 (33.
Kg2 Nd3 34. Rxd2 Nxe1+) 33... Nd3 34. Rxd2 exd2 35. Rd1 {White manages to
survive.}) 30. h3 (30. Rd1 e3) (30. Rce1 Qd3 $1) 30... Rxd4 {All other games
were drawn and hence thanks to this win, we won the match. I was able to break
my own jinx and my team's and we started our winning ways!} 0-1

[Event "EU-Cup 14th final"]
[Site "Belgrade"]
[Date "1999.01.11"]
[Round "1"]
[White "Timman, Jan H"]
[Black "Alterman, Boris"]
[Result "1-0"]
[WhiteElo "2649"]
[BlackElo "2616"]
[Annotator "Alterman,B"]
[PlyCount "107"]
[EventDate "1999.01.11"]
[EventType "team-k.o."]
[EventRounds "3"]
[EventCountry "YUG"]
[SourceTitle "EXT 2020"]
[Source "ChessBase"]
[SourceDate "2019.10.17"]
[SourceVersion "1"]
[SourceVersionDate "2019.10.17"]
[SourceQuality "1"]
[WhiteTeam "Breda Panfox"]
[BlackTeam "Petah-Tikva Elitzur"]
[WhiteTeamCountry "NED"]
[BlackTeamCountry "ISR"]

{[%mdl 18]} 1. e4 c5 2. Nf3 Nc6 3. Bb5 d6 4. O-O Bd7 5. Re1 Nf6 6. c3 a6 7. Ba4
c4 8. d4 cxd3 9. Bg5 Ng4 $146 (9... e6 $1 10. Qxd3 Be7 $5 {N} (10... Qc7 11.
Bxc6 Bxc6 12. Bxf6 gxf6 13. Nd4 Be7 14. Nd2 O-O 15. Re3 Kh8 16. Qe2 Rg8 17. Qh5
Rg7 18. Rae1 {Mortensen,S-Ziska,B/DEN-chB 1993/EXT 97/1/2-1/2 (48)}) (10... Ne5
11. Nxe5 Bxa4 12. Nc4 Bc6 13. Nbd2 b5 14. Ne3 Be7 15. Bxf6 Bxf6 16. Nd5 Be7 17.
Nxe7 Qxe7 18. Rad1 O-O 19. Nb3 Rfd8 20. Qe3 {Bronstein,L-Timman,J/Rio de
Janeiro izt 1979/IZT/1/2-1/2 (78)}) 11. Bxf6 (11. Nbd2 Qc7 (11... Ne5 12. Nxe5
(12. Qd4 Nxf3+ 13. Nxf3 O-O 14. Bxd7 Qxd7 15. e5 Ne8 16. Rad1 Bxg5 17. Nxg5 Qe7
18. Ne4 dxe5 19. Qxe5 Rd8 20. Rd4 Nc7 21. Red1 Nb5 22. R4d2 Rxd2 23. Rxd2 Rd8
24. Kf1 {1/2-1/2 Arkhipov,S-Odendahl,R/NRW-I 1994/GER 07 (39)}) 12... Bxa4 13.
Nec4 Qc7 14. Bxf6 gxf6 15. Ne3 O-O-O 16. c4 Rhg8 17. b3 Bd7 18. b4 Kb8 19. a4
Rc8 20. Reb1 d5 21. exd5 Qe5 22. Nf3 Qh5 23. Kh1 {1/2-1/2 Nijboer,F-Akopian,V/
Wijk op Wijk aan Zee 1993/CBM 34 (33)}) 12. Rad1 Rd8 13. Nf1 O-O 14. Bxf6 gxf6
15. Nd4 Ne5 16. Qg3+ Kh8 17. Bxd7 Rxd7 18. Ne3 Rg8 19. Qh3 Ng6 20. Kh1 b5 21.
a3 Qb7 22. Nxe6 fxe6 23. Qxe6 Bd8 24. Nd5 Nf8 25. Qe8 Qc6 26. Rd3 Ng6 27. Qe6 {
0-1 Bronstein,L-Polugaevsky,L/Rio Hondo 1987/EXT 87 (39)}) 11... gxf6 12. Bxc6
(12. Nbd2) (12. c4 Qa5 13. Nc3 O-O 14. Bxc6 bxc6 15. e5 fxe5 16. Nxe5 Be8 17.
Ng4 Qg5 18. Re3 f5 19. Ne5 Qf6 20. Nf3 e5 21. Qd2 Bf7 22. b3 Bd8 23. Rd1 {
0-1 Tempone,M-Llanos,G/Mar del Plata op 1993/EXT 97 (41)}) 12... Bxc6 (12...
bxc6 13. c4 c5 14. Nc3 O-O 15. Rad1 Ra7 16. Nd2 Kh8 17. Re3 Rg8 18. Rg3 Rg6 19.
f4 Qg8 20. Nf1 Bc6 21. Qe2 Qg7 22. Rdd3 Qh6 23. Rxg6 fxg6 24. f5 {1-0 Minasian,
A-Grivas,E/Zonal 1998 (38)}) 13. c4 O-O 14. Nc3 Kh8 15. Rad1 Rg8 16. Qe3 Qf8 $1
17. Nd4 Rc8 18. f4 (18. Nxc6 {>=} Rxc6 19. b3 $11) 18... Bd7 $14 {Tal,
M-Akopian,V/Barcelona 1992/Inf 54/[Akopian,V]}) 10. Qxd3 $1 (10. Bxc6 $6 Bxc6
11. Nd4 Qd7 12. h3 h6 $1 13. Bh4 (13. Bc1 Nf6) 13... Ne5 $15) 10... Nge5 $6 (
10... h6 $1 11. Bh4 g5 12. Bg3 Bg7 13. Nbd2 O-O $140 14. Bb3 Kh8 15. h4 f5 $1
16. hxg5 f4 17. Bh4 Nce5 $44) 11. Nxe5 Nxe5 12. Bxd7+ Qxd7 13. Qd2 $5 (13. Qe2
Qg4 $1 14. Qxg4 Nxg4 15. c4 e6 (15... h6 16. Bd2 Ne5 17. b3) 16. Nc3 Be7 $14)
13... g6 (13... Qg4 14. Kh1 Nf3 15. gxf3 Qxf3+ 16. Kg1 Qg4+ 17. Kf1 Qh3+ 18.
Ke2 $18) (13... e6 14. Na3 h6 15. Bf4 $16) 14. f4 Nc6 15. c4 $5 (15. Na3 Bg7
16. Nc4 (16. Rad1 Qc7 $11) 16... b5 $1 17. Nb6 Qa7) 15... h6 (15... Bg7 16. Nc3
O-O 17. Rad1 $16) 16. Bh4 Qg4 $2 (16... g5 $1 17. Bg3 $1 (17. fxg5 Qg4 18. Bg3
hxg5 19. Nc3 Bg7 $40) 17... gxf4 18. Bxf4 O-O-O 19. Nc3 Qg4 $132) 17. Bg3 $1 (
17. Bf2 g5 18. f5 Ne5 19. Bg3 Bg7 20. Nc3) 17... h5 18. Nc3 h4 19. h3 $1 {
I overlooked this easy move when played 16...Qg4.} Qh5 (19... Qxg3 20. Ne2 $18)
20. Bf2 $16 Bg7 21. Nd5 O-O 22. Rad1 e6 (22... Rad8 23. b4) 23. Nb6 Rad8 24. b4
Ne7 25. a3 $1 {White has a space advantage and my pieces have no good places.
Timman classical improves his advantage without any chance for black.} (25. Qe2
$6 Bc3 26. Qxh5 gxh5 27. Re3 Bxb4 28. Rb3 Nc6 $132) 25... Bh6 (25... e5 26. c5
(26. Nd5 Rfe8) 26... dxc5 27. Qxd8 Rxd8 28. Rxd8+ Kh7 29. Rd7 Nc6 30. bxc5 $18)
26. Be3 Kh7 27. Qc2 Bg7 (27... e5 28. Nd5 Nxd5 29. Rxd5 Rc8 30. Qd3 $16) 28.
Qe2 $1 Qxe2 29. Rxe2 Nc8 30. Red2 (30. Rc2 $5 $18) 30... Nxb6 31. Bxb6 Rc8 32.
c5 dxc5 33. Bxc5 Rfe8 34. Rd7 Kg8 35. Rxb7 Rcd8 $8 36. Rxd8 Rxd8 37. Ra7 Rd1+
38. Kf2 Rd2+ 39. Kf1 Bh6 40. Ra8+ $6 (40. Rxa6 Bxf4) (40. f5 $5 $18) 40... Kh7
41. f5 exf5 42. exf5 Rd1+ 43. Ke2 Rd2+ 44. Ke1 Rxg2 45. Rxa6 gxf5 $2 (45... g5
46. Rf6 g4 (46... Bg7 47. Rxf7 Kg8 48. Rd7 g4 49. Kf1) 47. Rxf7+ Kg8 48. Rf6
Bg7 (48... gxh3 49. Rxh6 h2 50. Rxh4 Rg1+ 51. Kd2 h1=Q 52. Rxh1 Rxh1 53. b5 $18
) 49. Rg6 gxh3 50. Rxg2 hxg2 51. Kf2 h3 52. a4 (52. Kg3) 52... Be5 53. Kg1 Kf7
54. a5 $18) 46. b5 (46. Rxh6+ $1) 46... Rc2 47. Rxh6+ $1 Kxh6 48. Bd6 Rb2 49.
Bb4 Rc2 50. b6 Rc6 51. Ba5 Rc5 52. Bd2+ Kg6 53. a4 Rc8 54. a5 1-0

[Event "Las Palmas3"]
[Site "Las Palmas"]
[Date "1993.??.??"]
[Round "1"]
[White "Ulybin, Mikhail"]
[Black "Smirin, Ilia"]
[Result "1-0"]
[WhiteElo "2560"]
[BlackElo "2640"]
[Annotator "Ambroz,J"]
[PlyCount "83"]
[EventDate "1993.12.??"]
[EventType "tourn"]
[EventRounds "9"]
[EventCountry "ESP"]
[EventCategory "13"]
[SourceTitle "CBM 040"]
[Source "ChessBase"]
[SourceDate "1994.06.01"]
[SourceVersion "1"]
[SourceVersionDate "1994.06.01"]
[SourceQuality "1"]

1. e4 {Horvath,T} c5 2. Nf3 d6 3. Bb5+ Nc6 4. O-O (4. c3 $5 Nf6 5. Qe2 e5 6. d4
cxd4 7. cxd4 a6 8. Bxc6+ bxc6 9. O-O $14) 4... Bd7 (4... Nf6 5. e5) 5. c3 a6 (
5... Nf6 6. Re1 a6 7. Ba4 c4 8. d4 (8. Bc2 e5 $1 9. b3 b5 10. Qe2 Rc8 11. d3 (
11. b4 $5) 11... cxb3 12. axb3 b4 13. Rxa6 $6 bxc3 $15 {Rozentalis-Dohojan,
Bad Godesberg 1994}) 8... cxd3 9. Qxd3 g6 $5 10. Bf4 Bg7 11. Nbd2 O-O $10) 6.
Bxc6 (6. Ba4 b5 (6... c4 $5) 7. Bc2 Nf6 (7... Bg4 $5 8. h3 Bh5 9. d3 e6 10. Be3
Nf6 11. Nbd2 d5 $10 {Perenyi-Csom, Hungarz 1977}) 8. d4 cxd4 9. cxd4 $5) 6...
Bxc6 7. Re1 $5 e6 (7... Nf6 8. d4 Bxe4 9. Bg5 Bd5 $1 10. Nbd2 c4 $13 {Mainka,
R-Rogers,I, Prague 1990} (10... e6 11. c4 Bxf3 12. Qxf3 cxd4 13. Qxb7 Qc8 14.
Qf3 Be7 15. Nb3 h6 $1 16. Bh4 O-O 17. Qd3 $10 (17. Rac1 $6 Rb8 $1 {Pedersen,
H-Sher, Farum 1993}))) 8. d4 d5 (8... cxd4 9. cxd4 (9. Nxd4 $5) 9... d5 10. Ne5
$1 (10. exd5 Bxd5 (10... Qxd5 $2 11. Nc3 {/\ d5}) 11. Nc3 Nf6 12. Ne5 Be7 $10)
10... dxe4 (10... Rc8 11. Nxc6 Rxc6 12. exd5 Qxd5 13. Nc3 $16) 11. Nxc6 bxc6
12. Qc2 Qd7 $14) (8... Nf6 {Horvath,T} 9. Bg5 (9. d5 Bd7 10. dxe6 Bxe6 11. Bf4
Be7 12. Nbd2 O-O 13. Ng5 $14) 9... Be7 10. Nbd2 O-O 11. e5 dxe5 12. dxe5 Nd5
13. Ne4 $14) 9. e5 cxd4 (9... b6 $5 {/\ 10.dc5 bc5 ><d4}) 10. Nxd4 Bd7 (10...
Ne7 {Horvath,T} 11. Qg4 Ng6 12. Nd2 Be7 13. N2f3 O-O 14. Bg5 $14) 11. Qg4 Ne7
12. Nd2 Ng6 (12... Nc6 13. N2f3 (13. Nxc6 bxc6 $5 {/\ c5}) 13... h5 14. Qg3 $14
{><g7} (14. Qf4 Be7) 14... h4 15. Qg4) 13. N2f3 h6 (13... Be7 $5) 14. h4 Qc7
15. h5 Ne7 16. Bd2 O-O-O (16... Nc6 17. b4 (17. a4 Na5)) 17. a4 Kb8 18. b4 Qc4
(18... g5 19. b5 $1 {>>} (19. hxg6 Nxg6 20. b5 h5 $1 21. Qh3 Bg7 $13)) (18...
g6 $5 19. b5 gxh5 20. Qxh5 Ng6 21. Nh2 $1 {/\ Qe2, Ng4->} (21. Reb1 $5 Ka8 $13)
) 19. Qf4 $1 Be8 (19... Nf5 $4 20. Nxf5 Qxf4 21. Bxf4 exf5 22. e6+) (19... g5
$5 20. Qxf7 (20. Qf6 $2 Rh7 $1 {/\ Rc8, Ng8}) 20... Qc8 {/\ Rg8-g7, Ng8, ףf7}
(20... Qd3 21. Nxe6 Rh7 22. Nxd8 (22. Qf6) 22... Rxf7 23. Nxf7 g4 24. e6 $16))
20. b5 a5 21. Be3 $1 {/\ Nd2} Rc8 (21... Qxc3 22. Bd2 Qc7 23. Rec1 Qb6 24. Be3
$1 $18 {/\ Nc6!}) (21... g5 $5) 22. Nd2 Qd3 (22... Qxc3 23. N2b3 $36) 23. Rec1
g6 24. Qf6 Rg8 25. Nxe6 $1 fxe6 26. Qxe6 {/^ g1-a7} Rc7 (26... Rxc3 27. Qd6+ $1
) 27. Ba7+ $1 Ka8 (27... Kxa7 28. b6+ Kb8 29. Qd6 $18) 28. Qb6 $1 Rd7 29. e6 (
29. Qxa5 Nc8 (29... b6 30. Bxb6+ Kb8 31. c4 $5 $18) 30. e6 Rh7 31. e7 $1 Rxe7
32. Be3+ $18) 29... Nc8 30. exd7 Nxb6 31. dxe8=Q+ Kxa7 32. Qf7 $18 Qxd2 33.
Qxg8 Bc5 34. Qf7 gxh5 35. Qf3 Nc4 36. Rd1 Qb2 37. Rab1 Qa2 38. Kh1 Bxf2 39.
Qxd5 Bb6 40. Ra1 Qe2 41. Re1 Qg4 42. Re4 1-0

[Event "Biel MTO op"]
[Site "Biel"]
[Date "1994.??.??"]
[Round "6"]
[White "Tkachiev, Vladislav"]
[Black "Timoscenko, Gennadij A"]
[Result "1-0"]
[WhiteElo "2535"]
[BlackElo "2550"]
[Annotator "Ambroz,J"]
[PlyCount "75"]
[EventDate "1994.07.??"]
[EventType "swiss"]
[EventRounds "11"]
[EventCountry "SUI"]
[SourceTitle "CBM 042"]
[Source "ChessBase"]
[SourceDate "1994.10.01"]
[SourceVersion "1"]
[SourceVersionDate "1994.10.01"]
[SourceQuality "1"]

1. e4 c5 2. Nf3 d6 3. Bb5+ Nc6 4. c3 Nf6 5. Qe2 Bg4 (5... Bd7 $5 6. O-O (6. d4
a6 7. Bxc6 Bxc6 8. d5 Bd7) 6... a6 7. Ba4 b5 8. Bc2 e5) 6. h3 Bh5 7. d4 cxd4 8.
cxd4 a6 9. Bxc6+ bxc6 10. O-O e6 11. Bg5 Be7 12. Rc1 $5 {>< Pc6} Qb8 $5 13. Na3
(13. Rxc6 O-O $5 (13... Bxf3 14. gxf3 O-O) (13... Qb7 14. Qc2) 14. Nc3 Qb7 15.
Rc4 d5 16. exd5 exd5 17. Ra4 Rfe8 $5 $44 (17... Bxf3 $5)) 13... Bxf3 14. Qxf3
d5 $5 (14... O-O 15. Nc4 d5 16. Na5 dxe4 17. Qe2 $14) 15. e5 Ng8 16. Bd2 $1 (
16. Bxe7 Nxe7 {>< Na3} 17. Nc2 $5 O-O (17... Qxb2 18. Rab1 Qxa2 19. Rb7 Qa5 (
19... Qc4 20. Qa3) 20. Rcb1 $44)) 16... Qxb2 17. Nc4 $1 Qxd4 (17... Qb8 18.
Rab1 $36) 18. Be3 Qe4 (18... Qd3 19. Nb6 Rb8 20. Rxc6 Bd8 21. Nc8 $1 $16 Rb1+
$2 22. Rxb1 Qxb1+ 23. Rc1) 19. Qxe4 dxe4 20. Nb6 Rd8 (20... Rb8 $5 {/\ Bd8, Ne7
}) 21. Rxc6 Nh6 22. Nc8 $1 (22. Bxh6 gxh6 23. Nc8 e3 $5) 22... Nf5 23. Bb6 Rd7
24. Re1 $1 O-O (24... Nd4 25. Nxe7 $1 Nxc6 (25... Kxe7 26. Bc5+) 26. Nxc6) 25.
Rxe4 Re8 26. Ra4 $16 Bf8 27. Rxa6 h5 28. a4 h4 29. a5 Rd5 (29... Rd1+ $5 30.
Kh2 g6 {/\ Bh6-f4}) 30. Ra8 Rxe5 31. Rc1 $1 Kh7 32. a6 Ba3 33. Ra1 Bc5 34. a7
Nd6 35. Rb8 Nxc8 36. Bxc5 Nxa7 37. Rxe8 Rxc5 38. Rxa7 1-0

[Event "RUS-ch"]
[Site "Elista"]
[Date "1994.??.??"]
[Round "6"]
[White "Arkhipov, Sergey"]
[Black "Ruban, Vadim"]
[Result "1-0"]
[WhiteElo "2495"]
[BlackElo "2560"]
[Annotator "Arkhipov,S"]
[PlyCount "113"]
[EventDate "1994.09.??"]
[EventType "swiss"]
[EventRounds "11"]
[EventCountry "RUS"]
[SourceTitle "CBM 044"]
[Source "ChessBase"]
[SourceDate "1995.02.01"]
[SourceVersion "1"]
[SourceVersionDate "1995.02.01"]
[SourceQuality "1"]

1. e4 c5 2. Nf3 d6 3. Bb5+ Nc6 4. O-O Bd7 5. Re1 a6 6. Bxc6 Bxc6 7. c3 e6 8. d4
cxd4 (8... d5 9. e5 cxd4 10. Nxd4 {/\Qg4|^}) 9. cxd4 d5 10. Ne5 $1 $146 (10.
Bg5 $1 Be7 11. Bxe7 Nxe7 12. e5 $14 {Ulibin,M-Ruban,V/Elista(Rus-ch)1994/1:0 
(51)}) 10... dxe4 (10... Nf6 11. Nxc6 bxc6 12. Qa4 (12. Bg5 $5 Be7 13. Qa4 $14)
12... Qb6 13. e5 Nd7 $13) 11. Nxc6 bxc6 12. Qa4 $6 (12. Nc3 Nf6 13. Qa4 Qb6 14.
Bg5 Be7 15. Nxe4 Nxe4 16. Bxe7 Kxe7 17. Rxe4 $14) 12... f5 $5 13. Qxc6+ Kf7 14.
Nc3 Ne7 15. Qa4 (15. Qb7 Qc8 $17) 15... Qe8 $6 (15... Nd5 $1 16. Bd2 Qe8 $10)
16. Qd1 $1 Qd7 $6 (16... g6 17. f3 exf3 18. Qxf3 Bg7 $13) 17. f3 $1 Nc6 18. Be3
exf3 19. Qxf3 Bb4 (19... Bd6 20. Rad1 Rae8 21. d5 Ne5 22. dxe6+ Qxe6 23. Qb7+
Qe7 24. Qb3+ $16) 20. Rad1 Rhe8 21. d5 Ne5 22. dxe6+ Qxe6 23. Qb7+ Qe7 24. Qd5+
Qe6 25. Qb7+ Qe7 26. Qd5+ Qe6 27. Bf2 $1 Qxd5 28. Rxd5 Ng4 29. Rxf5+ Kg8 $1 (
29... Kg6 $6 30. Rxe8 Rxe8 31. Rf4 Nxf2 32. Rxb4 Nd3 33. Rb6+ $1 Kg5 34. h3 $18
) 30. Rxe8+ Rxe8 31. h3 $6 (31. Nd5 $1 Be1 32. Bc5 $18) 31... Nxf2 32. Kxf2
Bxc3 (32... Rb8 $1 33. Na4 $1 $16) 33. bxc3 Rc8 34. Rf3 Rc4 35. Ke1 Ra4 36. Rf2
g5 37. Kd1 Kg7 38. Kc1 g4 39. Kb2 $2 (39. hxg4 $1 $18) 39... gxh3 40. gxh3 Re4
41. Rf3 a5 $1 42. Kc2 (42. Kb3 $5 a4+ 43. Ka3 {/\Rf3-d3-d4+/=}) 42... Kg6 43.
Kd3 Ra4 44. Rf2 h5 (44... Rh4 $1 45. c4 Rxh3+ 46. Kd4 $14) 45. c4 $1 $18 Ra3+
46. Kd4 Rxh3 47. c5 Rh1 48. Rc2 $1 Rd1+ 49. Ke5 Re1+ 50. Kd6 Rd1+ 51. Ke6 Re1+
52. Kd7 Rd1+ 53. Kc8 Kf6 54. c6 Ke7 55. c7 Rb1 56. Re2+ Kf6 57. Rh2 (57. Rh2
Kg5 58. Rd2 Kf6 59. Kd7 $18) 1-0